000 00607nam a22001937a 4500
003 OSt
005 20180116183032.0
008 151222b xxu||||| |||| 00| 0 eng d
020 _a05-598-95-1
024 _205-598-95-1
040 _cLahore LUMS
082 _a 174.4 LUM 1995
100 _aQureshi Z I, Khan F R
245 _aBITUMAT GROUP; GROWTH & HUMAN RESOURCE (HR) CHALLENGES
_cQureshi Z I, Khan F R
260 _aLahore LUMS
_b Lahore University of Management Sciences
_c1995
300 _a10 p.
_bPapers
440 _aBITUMAT GROUP; GROWTH & HUMAN RESOURCE (HR) CHALLENGES
942 _2ddc
_cCS
999 _c351071
_d351071